Southern Hemisphere Cities - Sudden Death - Statistics

General Stats
  • This quiz has been taken 142 times
    106 since last reset
  • The average score is 6 of 16
Answers on the Grid
Answers color-coded by a green-red scale on the quiz's grid according to % correct below.
Auckland
Bengaluru
Bogota
Brasilia
Buenos Aires
Cayenne
Columbo
Dar es Salaam
Djibouti
Douala
Edinburgh of the Seven Seas
Honolulu
Jakarta
Johannesburg
Kampala
Kinshasa
Lagos
Lima
Luanda
Malé
Maracaibo
Medan
Melbourne
Mogadishu
Nairobi
Papeete
Port of Spain
Quezon City
Quito
Rio de Janeiro
Singapore
Surabaya
 
Answer Stats
Answer % Correct
Auckland
85%
Buenos Aires
62%
Johannesburg
54%
Jakarta
46%
Brasilia
38%
Lima
38%
Luanda
38%
Kinshasa
31%
Melbourne
31%
Rio de Janeiro
31%
Dar es Salaam
23%
Edinburgh of the Seven Seas
23%
Nairobi
15%
Papeete
15%
Quito
15%
Surabaya
15%
No matching quizzes found
Score Distribution
Percent of People with Each Score
Percentile by Number Answered
Your Score History
You have not taken this quiz since the last reset